MARC

LEADER 00000nam0a2200000 4500
001 285884
005 20231101235834.0
035 |a (RuTPU)RU\TPU\book\310171 
090 |a 285884 
100 |a 20150228d1984 k y0rusy5003 ca 
101 0 |a rus 
102 |a RU 
105 |a a z 011zy 
200 1 |a Сбор, подготовка тяжелых и высоковязких нефтей  |e сборник научных трудов  |f Всесоюзный научно-исследовательский институт по сбору, подготовке и транспорту нефти и нефтепродуктов (ВНИИСПТнефть) 
210 |a Уфа  |c Изд-во ВНИИСПТнефть  |d 1984 
215 |a 158 с.  |c ил.  |d 20 см 
300 |a Посвящается 25-летию ВНИИСПТнефть 
320 |a Библиография в конце статей 
606 1 |a Нефть  |x Сбор и хранение  |2 stltpush  |3 (RuTPU)RU\TPU\subj\45893  |9 65083 
610 1 |a транспортировка 
610 1 |a тяжелые нефти 
610 1 |a высоковязкие нефти 
610 1 |a поверхностное натяжение 
610 1 |a обводненные нефти 
610 1 |a сепарация 
610 1 |a эмульсии 
610 1 |a реологические свойства 
610 1 |a внутритрубная деэмульсация 
610 1 |a реагенты-деэмульгаторы 
675 |a 622.692  |z rus  |v 4 
712 0 2 |a Всесоюзный научно-исследовательский институт по сбору, подготовке и транспорту нефти и нефтепродуктов (ВНИИСПТнефть)  |c (Уфа)  |c (1970-1992)  |2 stltpush  |3 (RuTPU)RU\TPU\col\7482 
801 0 |a RU  |b RuMRKP  |c 19950704  |g psbo 
801 1 |a RU  |b 63413507  |c 20150228 
801 2 |a RU  |b 63413507  |c 20171110  |g RCR 
942 |c BK